000 00471nam a22002057a 4500
003 OSt
005 20240226132604.0
008 240226b |||||||| |||| 00| 0 eng d
020 _a978-81-265-1554-7
040 _cTrident
082 _a547
100 _aJ.D.Lee
245 _aConcise Inorganic Chemistry
250 _a5th
260 _aNew Delhi
_bWiley
_c2023
300 _aXXXV;1031
500 _aQuantity Number-2
650 _aChemistry
942 _2ddc
_cBK
_n0
999 _c61107
_d61107